000
00314nam a22001337a 4500
008
181217b xxu||||| |||| 00| 0 eng d
020
_a
9780415926348
041
_a
eng
080
_a
341
100
_a
15
101
_a
JUR
245
_a
Readings For Diversity And Social Justice
_c
Adams.M
942
_2
udc
_c
BK
999
_c
53189
_d
53189